International trade, labor relations, and bargaining power : (Record no. 192061)

MARC details
000 -LEADER
fixed length control field 02071cam a2200481 i 4500
001 - CONTROL NUMBER
control field 9781003329916
003 - CONTROL NUMBER IDENTIFIER
control field FlBoTFG
005 - DATE AND TIME OF LATEST TRANSACTION
control field 20250204103848.0
006 - FIXED-LENGTH DATA ELEMENTS--ADDITIONAL MATERIAL CHARACTERISTICS
fixed length control field m o d
007 - PHYSICAL DESCRIPTION FIXED FIELD--GENERAL INFORMATION
fixed length control field cr |n|||||||||
008 - FIXED-LENGTH DATA ELEMENTS--GENERAL INFORMATION
fixed length control field 230521s2023 nyua ob 001 0 eng d
040 ## - CATALOGING SOURCE
Original cataloging agency OCoLC-P
Language of cataloging eng
Transcribing agency OCoLC-P
020 ## - INTERNATIONAL STANDARD BOOK NUMBER
International Standard Book Number 9781000875157
Qualifying information (electronic bk.)
020 ## - INTERNATIONAL STANDARD BOOK NUMBER
International Standard Book Number 1000875156
Qualifying information (electronic bk.)
020 ## - INTERNATIONAL STANDARD BOOK NUMBER
International Standard Book Number 9781003329916
Qualifying information (electronic bk.)
020 ## - INTERNATIONAL STANDARD BOOK NUMBER
International Standard Book Number 1003329918
Qualifying information (electronic bk.)
020 ## - INTERNATIONAL STANDARD BOOK NUMBER
International Standard Book Number 9781000875133
Qualifying information (electronic bk. : PDF)
020 ## - INTERNATIONAL STANDARD BOOK NUMBER
International Standard Book Number 100087513X
Qualifying information (electronic bk. : PDF)
020 ## - INTERNATIONAL STANDARD BOOK NUMBER
Canceled/invalid ISBN 1032360232
020 ## - INTERNATIONAL STANDARD BOOK NUMBER
Canceled/invalid ISBN 9781032360232
024 7# - OTHER STANDARD IDENTIFIER
Standard number or code 10.4324/9781003329916
Source of number or code doi
035 ## - SYSTEM CONTROL NUMBER
System control number (OCoLC)1371749529
035 ## - SYSTEM CONTROL NUMBER
System control number (OCoLC-P)1371749529
082 04 - DEWEY DECIMAL CLASSIFICATION NUMBER
Classification number 382
Edition number 23
100 1# - MAIN ENTRY--PERSONAL NAME
Personal name Fischer-Daly, Matthew M.,
Dates associated with a name 1980-
Relator term author.
9 (RLIN) 49536
245 10 - TITLE STATEMENT
Title International trade, labor relations, and bargaining power :
Remainder of title international strawberry commodity networks /
Statement of responsibility, etc. Matthew M. Fischer-Daly.
264 #1 - PRODUCTION, PUBLICATION, DISTRIBUTION, MANUFACTURE, AND COPYRIGHT NOTICE
Place of production, publication, distribution, manufacture New York, New York ;
-- Abingdon, Oxon :
Name of producer, publisher, distributor, manufacturer Routledge,
Date of production, publication, distribution, manufacture, or copyright notice [2023]
264 #4 - PRODUCTION, PUBLICATION, DISTRIBUTION, MANUFACTURE, AND COPYRIGHT NOTICE
Date of production, publication, distribution, manufacture, or copyright notice ©2023
300 ## - PHYSICAL DESCRIPTION
Extent 1 online resource
336 ## - CONTENT TYPE
Content type term text
Source rdacontent
337 ## - MEDIA TYPE
Media type term computer
Source rdamedia
338 ## - CARRIER TYPE
Carrier type term online resource
Source rdacarrier
490 0# - SERIES STATEMENT
Series statement Routledge studies in employment and work relations in context
504 ## - BIBLIOGRAPHY, ETC. NOTE
Bibliography, etc. note Includes bibliographical references and index.
588 ## - SOURCE OF DESCRIPTION NOTE
Source of description note OCLC-licensed vendor bibliographic record.
650 #0 - SUBJECT ADDED ENTRY--TOPICAL TERM
Topical term or geographic name entry element International trade.
650 #0 - SUBJECT ADDED ENTRY--TOPICAL TERM
Topical term or geographic name entry element Living wage movement.
650 #0 - SUBJECT ADDED ENTRY--TOPICAL TERM
Topical term or geographic name entry element Strawberries
General subdivision Harvesting.
650 #0 - SUBJECT ADDED ENTRY--TOPICAL TERM
Topical term or geographic name entry element International labor activities.
655 #4 - INDEX TERM--GENRE/FORM
Genre/form data or focus term Electronic books.
776 08 - ADDITIONAL PHYSICAL FORM ENTRY
Relationship information Print version:
Main entry heading Fischer-Daly, Matthew M.
Title International trade, labor relations, and bargaining power : international strawberry commodity networks.
Place, publisher, and date of publication New York, New York ; Abingdon, Oxon : Routledge, c2023
Physical description 213 pages
International Standard Book Number 9781032360232
Record control number (DLC) 2022055363
856 40 - ELECTRONIC LOCATION AND ACCESS
Uniform Resource Identifier https://ezproxy.taylors.edu.my/login?url=https://www.taylorfrancis.com/books/9781003329916
Public note An electronic book accessible through the World Wide Web; click to view
Holdings
Withdrawn status Lost status Source of classification or shelving scheme Damaged status Not for loan Home library Current library Date acquired Source of acquisition Cost, normal purchase price Inventory number Total Checkouts Date last seen Cost, replacement price Price effective from Koha item type Public note
    Dewey Decimal Classification   e-book Taylor's Library-TU Taylor's Library - Perpetual(TU) 05/02/2025 97 809.10 TU-700001762   05/02/2025 809.10 05/02/2025 Main Collection GENLS,GENLS,03,CL,PPT